Les alliés de Batman - Statistiques

Statistiques générales
  • Ce quiz a été pris 276 fois
  • Le résultat moyen est 8 sur 10
Statistiques - réponses
Par images Réponse % Correct
Alfred
96%
Robin (Damian Wayne)
96%
Superman
96%
Batgirl(Barbara Gordon)
94%
Jim Gordon
89%
Robin (Tim Drake)
87%
Nightwing
85%
Red Hood
82%
Batwoman
72%
Red Robin
38%
Aucun quiz correspondant
Distribution des résultats
% des personnes avec chaque résultat
Percentile par nombre de réponses
Votre historique - résultats
Vous n’avez pas pris ce quiz